[Event "Stjernen klubbmesterskap"]
[Site "Stjernen"]
[Date "2017.02.28"]
[Round "3"]
[White "Horni, Fredrik Seim"]
[Black "Gressli, Kristoffer"]
[Result "1-0"]
[WhiteElo "1739"]
[BlackElo "1739"]
[Annotator "Stjernen,SK"]
[PlyCount "87"]
[EventDate "2017.??.??"]

1. Nc3 d5 2. e4 d4 3. Nce2 e5 4. Ng3 Nc6 5. Bc4 Bd6 6. Nf3 h5 7. h4 Bg4 8. a3
Qd7 9. d3 O-O-O 10. b4 f5 11. exf5 Bxf5 12. Ng5 Kb8 13. Nf7 Nf6 14. Bg5 e4 15.
Nxd8 Rxd8 16. O-O Bxg3 17. fxg3 Bg4 18. Qe1 Ne5 19. Bxf6 gxf6 20. Qxe4 Nxc4 21.
dxc4 f5 22. Qd3 a6 23. Rae1 Qd6 24. c5 Qd5 25. Re7 Qa2 26. c6 bxc6 27. Rfe1 Kb7
28. Re8 Rd6 29. Ra8 c5 30. bxc5 Re6 31. c6+ Rxc6 32. Ree8 Rb6 33. Reb8+ Kc6 34.
Rxa6 Qe6 35. a4 Qe3+ 36. Qxe3 dxe3 37. Raxb6+ cxb6 38. Re8 e2 39. Kf2 Kc5 40.
Re6 b5 41. a5 f4 42. Re5+ Kc6 43. gxf4 e1=N 44. Kxe1
1-0

[Event "Stjernen klubbmesterskap"]
[Site "Stjernen"]
[Date "2017.02.28"]
[Round "3"]
[White "Ryen, Thomas Ager"]
[Black "Andreassen, Vidar"]
[Result "1/2-1/2"]
[WhiteElo "1647"]
[BlackElo "1696"]
[Annotator "Stjernen,SK"]
[PlyCount "61"]
[EventDate "2017.??.??"]

1. e4 e5 2. Nf3 Nc6 3. d4 exd4 4. Bc4 d6 5. Nxd4 Ne5 6. Bb3 Be7 7. O-O c5 8.
Ba4+ (8. f4 $5) 8... Bd7 9. Bxd7+ Qxd7 10. Nf5 Bf6 (10... Bf8) 11. Nxd6+ Ke7
12. Nf5+ (12. Qd5) 12... Ke8 13. Nc3 g6 14. Ne3 h5 15. Ncd5 Bg7 16. f4 Nc6 17.
c3 Nge7 18. Qf3 Kf8 19. Rd1 Rd8 20. Bd2 f5 21. Nxe7 Nxe7 22. e5 (22. Be1 Qe8
23. Rxd8 Qxd8 24. Rd1 Qe8 25. exf5 Nxf5 26. Nxf5 gxf5 27. Qxb7) 22... Qc6 23.
Qxc6 Nxc6 24. Nc4 Ke7 25. Be3 b6 26. Rd6 Rxd6 27. Nxd6 Rd8 28. Bf2 Ke6 29. Bh4
Rd7 30. Kf2 Bf8 31. Rd1
1/2-1/2

[Event "Stjernen klubbmesterskap"]
[Site "Stjernen"]
[Date "2017.02.28"]
[Round "3"]
[White "Eriksen, Jan Hugo"]
[Black "Fjellheim, Benjamin"]
[Result "1/2-1/2"]
[WhiteElo "1680"]
[BlackElo "1714"]
[Annotator "Stjernen,SK"]
[PlyCount "92"]
[EventDate "2017.??.??"]

1. d4 d5 2. c4 dxc4 3. Nc3 e5 4. dxe5 Qxd1+ 5. Nxd1 Nc6 6. a3 Nxe5 7. Nc3 Bd7
8. Bf4 Bd6 9. Bxe5 Bxe5 10. Nf3 Bf6 11. e3 b5 12. O-O-O Nh6 13. h3 Bc6 14. Nd5
Bxd5 15. Rxd5 c6 16. Rd6 Rc8 17. g4 Be7 18. Rd2 O-O 19. Rd7 Bc5 20. Bg2 Rfd8
21. Rhd1 Rxd7 22. Rxd7 Kf8 23. Ne5 f6 24. Nxc6 Nf7 25. Rd1 Rc7 26. Nb8 Ne5 27.
Rd5 (27. Na6 $1 Bb6 (27... Rc8 28. Bb7) 28. Nxc7 Bxc7) 27... Nd3+ 28. Kd2 b4
29. Nd7+ Ke7 30. Nxc5 Nxc5 31. axb4 Nd3 32. f4 Nxb4 33. Rb5 Nd3 34. Kc3 Nc5 35.
Bd5 (35. Kxc4 Ne6+ 36. Kd3) 35... Nd7 36. e4 Nb6 37. h4 h6 38. Rb4 (38. Ra5)
38... Nxd5+ 39. exd5 Kd6 40. Kd4 Rc5 41. Rxc4 Rxd5+ 42. Ke3 Rb5 43. b4 g6 44.
Ke4 a5 45. bxa5 Rxa5 46. Rd4+ Ke6
1/2-1/2

[Event "Stjernen klubbmesterskap"]
[Site "Stjernen"]
[Date "2017.02.28"]
[Round "3"]
[White "Johansen, Aleksander"]
[Black "Grindbakken, Erik"]
[Result "0-1"]
[WhiteElo "1555"]
[BlackElo "1635"]
[Annotator "Stjernen,SK"]
[PlyCount "114"]
[EventDate "2017.??.??"]

1. d4 Nf6 2. Bf4 e6 3. e3 c5 4. c3 cxd4 5. cxd4 Bb4+ 6. Nc3 Nd5 7. Nge2 Nxf4 8.
Nxf4 O-O 9. Bd3 d5 10. O-O Nd7 11. Rc1 a6 12. Qa4 Bd6 13. Rfe1 Nf6 14. Bb1 Bxf4
15. exf4 Qd6 16. Ne2 Bd7 17. Qc2 Rac8 18. Qd3 Bb5 19. Qe3 Rfe8 20. Rxc8 Rxc8
21. Rc1 Rxc1+ 22. Nxc1 Qb4 23. Qc3 Qxc3 24. bxc3 Ne4 25. Bxe4 dxe4 26. Nb3 b6
27. Nd2 Bd3 28. g4 g6 29. Nf1 Kf8 30. g5 f5 31. gxf6 Kf7 32. f3 Kxf6 33. fxe4
Bxe4 34. Ne3 g5 35. fxg5+ Kxg5 36. Nc4 b5 37. Nd6 Kf4 38. Kf2 Bd5 39. a3 h5 40.
Nf7 Kf5 41. Ke3 Kg4 42. Nd8 (42. Kf2 Kh3 43. Kg1) 42... Kh3 43. Kf4 Kxh2 44.
Kg5 Kg3 45. Kxh5 Kf4 46. Nf7 Ke3 47. Kg5 Kd3 48. Kf4 Kxc3 49. Ke5 a5 50. Nd6
Bc4 51. d5 exd5 52. Nxb5+ Bxb5 53. Kxd5 a4 54. Ke5 Kb3 55. Kd4 Bc4 56. Kc5 Kxa3
57. Kxc4 Kb2
0-1

[Event "Stjernen klubbmesterskap"]
[Site "Stjernen"]
[Date "2017.03.07"]
[Round "4"]
[White "Aavik, Jakob"]
[Black "Nilsen, Joachim B."]
[Result "0-1"]
[WhiteElo "1810"]
[BlackElo "2431"]
[Annotator "Stjernen,SK"]
[PlyCount "60"]
[EventDate "2017.??.??"]

1. Nf3 c5 2. e4 a6 3. d4 cxd4 4. Nxd4 Nf6 5. Nc3 e5 6. Nb3 Bb4 7. Bd3 d5 8.
exd5 Nxd5 9. Bd2 Nxc3 10. bxc3 Be7 11. Qh5 Nc6 12. O-O Be6 13. Rad1 Qd7 14. Qe2
O-O 15. Be3 Qc7 16. f4 f5 17. fxe5 Qxe5 18. Bf4 Qxe2 19. Bxe2 Rfd8 20. Bc7 Rxd1
21. Rxd1 Rc8 22. Bb6 Bf6 23. Nd4 (23. Nc5 Bxa2 24. Nxb7 Bxc3 (24... Rb8 25.
Bxa6 Bxc3) 25. Bxa6 Nb4) 23... Nxd4 24. Bxd4 Bxd4+ 25. cxd4 Rxc2 26. Bf3 b5 27.
Re1 Bxa2 28. Re8+ Kf7 29. Ra8 b4 30. Rxa6 Bc4
0-1

[Event "Stjernen klubbmesterskap"]
[Site "Stjernen"]
[Date "2017.03.07"]
[Round "4"]
[White "Egeland, Finn"]
[Black "Chikwati, Elvis"]
[Result "0-1"]
[WhiteElo "1962"]
[BlackElo "1763"]
[Annotator "Stjernen,SK"]
[PlyCount "110"]
[EventDate "2017.??.??"]

1. e4 d6 2. d4 g6 3. c3 Nf6 4. Bd3 Bg7 5. Nf3 Nc6 6. Bg5 Bg4 7. h3 Bxf3 8. Qxf3
a6 9. O-O O-O 10. Nd2 e5 11. d5 Nb8 12. Qe3 Nbd7 13. b4 Rc8 14. Nb3 c5 15. dxc6
Rxc6 16. c4 Qe7 17. Rfd1 Rfc8 18. a4 Nf8 19. c5 dxc5 20. b5 axb5 21. axb5 R6c7
22. Bc4 Ne6 23. Bh4 Nd4 $1 24. Ra7 Qd6 25. f3 Nh5 26. Be1 Nf4 27. Ba5 b6 28.
Ra6 Rb7 29. g3 Nfe6 30. Be1 Rd8 31. Kf2 Nc7 32. Na5 Rbb8 33. Nc6 Nxa6 34. Nxd8
Qxd8 35. bxa6 Qc8 36. Bc3 b5 37. Bd5 Qxa6 38. Ra1 Qb6 39. Ba5 Qd6 40. Qc3 b4
41. Qc4 Qf6 42. Qd3 Qe7 43. Kg2 h6 44. Qc4 Bf8 45. f4 Kg7 46. f5 gxf5 47. Rf1
b3 48. exf5 f6 49. Bc3 b2 50. Rb1 Qd7 51. g4 Nc2 $1 52. Qe4 Qxd5 $1 53. Qxd5
Ne3+ 54. Kf3 Nxd5 55. Rxb2 Rxb2
0-1

[Event "Stjernen klubbmesterskap"]
[Site "Stjernen"]
[Date "2017.03.07"]
[Round "4"]
[White "Hagos, Daniel"]
[Black "Grindbakken, Erik"]
[Result "1-0"]
[WhiteElo "1890"]
[BlackElo "1635"]
[PlyCount "43"]
[EventDate "2017.??.??"]

1. e4 e6 2. d4 c5 3. Nf3 d5 4. exd5 exd5 5. Nc3 Nf6 6. Bb5+ Bd7 7. O-O c4 8.
Re1+ Be7 9. Qe2 a6 10. Bxd7+ Qxd7 11. Bg5 Nc6 12. Na4 Qc7 13. Bxf6 gxf6 14. b3
b5 15. Nc5 O-O 16. Nh4 Bd6 17. g3 Kh8 18. Qf3 Ne7 19. Qxf6+ Kg8 20. Re3 Bxc5
21. dxc5 Ng6 22. Nf5
1-0

[Event "Stjernen klubbmesterskap"]
[Site "Stjernen"]
[Date "2017.03.07"]
[Round "4"]
[White "Kutrovac, Milan"]
[Black "Ryen, Thomas Ager"]
[Result "1-0"]
[WhiteElo "1656"]
[BlackElo "1647"]
[Annotator "Stjernen,SK"]
[PlyCount "101"]
[EventDate "2017.??.??"]

1. d4 d5 2. c4 e6 3. Nf3 c6 4. g3 f5 5. cxd5 exd5 6. Bg2 Nf6 7. O-O Be7 8. Nbd2
O-O 9. Ne5 Nbd7 10. Ndf3 Ne4 11. Nxd7 Bxd7 12. Ne5 Be6 13. e3 g5 14. f3 Nd6 15.
Nd3 Rc8 16. b3 Bf6 17. Ba3 Re8 18. Qd2 Rc7 19. Rfe1 h5 20. Bb2 Rh7 21. Nf2 g4
22. e4 Nf7 23. exf5 Bxf5 24. Rxe8+ Qxe8 25. Re1 Qd7 26. f4 Nd6 27. Re3 h4 28.
Qe2 hxg3 29. hxg3 Qg7 30. Re6 Nb5 31. Re8+ Kf7 32. Rb8 Kg6 33. Nxg4 Bxd4+ 34.
Bxd4 Qxd4+ 35. Nf2 Nd6 36. g4 Be4 37. Bxe4+ Nxe4 38. Re8 Qa1+ (38... Rh3 $1)
39. Kg2 Qc3 40. Rxe4 $1 dxe4 41. Qxe4+ Kg7 42. g5 Qc5 43. Kg3 Qc3+ 44. Kg4 Qc5
45. Nd3 Qg1+ 46. Kf5 Kf8 47. Ne5 Qc5 48. g6 Re7 (48... Rh2) 49. Qh1 Rxe5+ 50.
fxe5 Qf2+ 51. Ke6
1-0

[Event "Stjernen klubbmesterskap"]
[Site "Stjernen"]
[Date "2017.03.07"]
[Round "4"]
[White "Andreassen, Vidar"]
[Black "Horni, Fredrik Seim"]
[Result "0-1"]
[WhiteElo "1696"]
[BlackElo "1739"]
[Annotator "Stjernen,SK"]
[PlyCount "54"]
[EventDate "2017.??.??"]

1. c4 e6 2. g3 f5 3. Bg2 Nf6 4. Nc3 c6 5. e3 d5 6. cxd5 exd5 7. Nge2 Bd6 8. d4
O-O 9. O-O Be6 10. Qb3 Qe7 11. a4 Ne4 12. Re1 Na6 13. Nf4 Bf7 14. Nd3 Rab8 15.
Bh3 Nc7 16. Bxf5 Ng5 17. Bg4 Bg6 18. Qd1 (18. e4 $5 h5 (18... Nxe4 19. Nxe4
Bxe4 20. f3) 19. exd5 $1 Qf7 $1 20. Bxg5 Bxd3 21. Bh3 Qxf2+ 22. Kh1 $13) 18...
Bxd3 19. Qxd3 h5 $1 20. f4 (20. Bf5 Nf3+ 21. Kf1 Qf6 $1 22. Rd1 (22. Bh3 Nxh2+
23. Ke2 Qxf2+) 22... Qxf5) 20... hxg4 21. fxg5 Rf3 22. Ne2 Ne6 23. Rf1 Nxg5 24.
Rxf3 gxf3 25. Nf4 Bxf4 26. exf4 Qe1+ 27. Qf1 Nh3+
0-1

[Event "Stjernen klubbmesterskap"]
[Site "Stjernen"]
[Date "2017.03.07"]
[Round "4"]
[White "Gressli, Kristoffer"]
[Black "Eriksen, Jan Hugo"]
[Result "1-0"]
[WhiteElo "1739"]
[BlackElo "1680"]
[Annotator "Stjernen,SK"]
[PlyCount "43"]
[EventDate "2017.??.??"]

1. c4 Nf6 2. Nc3 e6 3. d4 d5 4. Nf3 c6 5. e3 Nbd7 6. Bd3 Be7 7. O-O O-O 8. b3
Qc7 9. Bb2 e5 10. dxe5 Nxe5 11. Nxe5 Qxe5 12. Nxd5 Qd6 (12... Qxb2 13. Nxe7+
Kh8) 13. Nxf6+ gxf6 (13... Bxf6 $2 14. Bxh7+ $1) 14. Qe2 f5 15. Rad1 Qg6 16. f4
Re8 17. Rf3 Qe6 18. Rg3+ Kf8 19. Bg7+ Kg8 20. Qh5 Rd8 21. Bf6+ Kf8 22. Qh6+
1-0

[Event "Stjernen klubbmesterskap"]
[Site "Stjernen"]
[Date "2017.03.14"]
[Round "5"]
[White "Nilsen, Joachim B."]
[Black "Horni, Fredrik Seim"]
[Result "1-0"]
[WhiteElo "2431"]
[BlackElo "1739"]
[PlyCount "89"]
[EventDate "2017.??.??"]

1. c4 e6 2. Nf3 f5 3. g3 Nf6 4. Bg2 d5 5. O-O c6 6. d3 Be7 7. Nc3 O-O 8. e4
fxe4 9. dxe4 dxc4 10. Qe2 Qd3 11. Qxd3 cxd3 12. Rd1 Na6 13. Ne5 Nc5 14. b4 Ncd7
15. Nxd3 Nb6 16. Rb1 Nc4 17. b5 e5 18. h3 Be6 19. bxc6 bxc6 20. Rb7 Rf7 21. Kh2
Bd6 22. Rb1 Nd7 23. Kg1 Nc5 24. Nb2 Bc7 25. Nxc4 Bxc4 26. Be3 Ne6 27. Rb4 Ba6
28. Ra4 Bb5 29. Nxb5 cxb5 30. Rxa7 Rxa7 31. Bxa7 Ba5 32. Be3 Bc3 33. Bf1 Nd4
34. Rc1 Rc7 35. a3 Kf7 36. Kg2 Rc5 37. Rb1 Ke6 38. Bd3 Kd6 39. f4 Ke6 40. h4
exf4 41. gxf4 g6 42. Kg3 Ke7 43. Bf1 Rc7 44. Rc1 Rc5 45. Rd1
1-0

[Event "Stjernen klubbmesterskap"]
[Site "Stjernen"]
[Date "2017.03.14"]
[Round "5"]
[White "Chikwati, Elvis"]
[Black "Kutrovac, Milan"]
[Result "1-0"]
[WhiteElo "1763"]
[BlackElo "1656"]
[Annotator "Stjernen,SK"]
[PlyCount "107"]
[EventDate "2017.??.??"]

1. Nf3 Nf6 2. c4 c5 3. g3 Nc6 4. Nc3 g6 5. Bg2 Bg7 6. Rb1 d6 7. a3 a5 8. d3 O-O
9. Bg5 h6 10. Bd2 Re8 11. O-O e6 12. Qb3 d5 13. cxd5 exd5 14. Rfe1 Ra6 15. Na4
b6 16. Qb5 Na7 17. Qb3 Be6 18. Qc2 Bd7 19. Nc3 Bc6 20. e4 d4 21. Ne2 Nb5 22.
Qc1 Kh7 23. b4 axb4 24. axb4 Bf8 25. bxc5 bxc5 26. Qc4 Qd7 27. Rb3 Raa8 28. Bf4
Nd6 29. Bxd6 Bxd6 30. Nh4 Ra4 31. Qc2 Rea8 32. Rb2 Be7 33. Reb1 c4 34. e5 Ng4
35. Bxc6 Qxc6 36. Nxd4 Qd5 37. Nhf3 cxd3 38. Qxd3 Nxe5 39. Qe3 (39. Nxe5 Rxd4
40. Qf3 Qxf3 41. Nxf3) 39... Nxf3+ (39... Nc4) 40. Nxf3 Bc5 41. Qb3 Qf5 42. Nh4
Qf6 43. Ng2 Bd4 44. Re2 Ra3 45. Qc2 R8a7 46. Nf4 R3a4 47. Rf1 Be5 48. Nd5 Qd6
49. Ne3 Rc7 $2 50. Qxa4 h5 51. Rd1 Qe6 52. Kg2 Bg7 53. Rde1 Qf6 54. Qe4
1-0

[Event "Stjernen klubbmesterskap"]
[Site "Stjernen"]
[Date "2017.04.04"]
[Round "5"]
[White "Gressli, Kristoffer"]
[Black "Aavik, Jakob"]
[Result "0-1"]
[WhiteElo "1739"]
[BlackElo "1810"]
[PlyCount "80"]
[EventDate "2017.??.??"]

1. c4 Nf6 2. Nc3 e6 3. e4 c5 4. e5 Ng8 5. Nf3 Nc6 6. d4 cxd4 7. Nxd4 Nxe5 8.
Ndb5 d6 ({Relevant:} 8... a6 9. Nd6+ Bxd6 10. Qxd6 f6 11. Be3 Ne7 12. Bb6 Nf5
13. Qb4 Nc6 14. Qc5 d6 15. Bxd8 dxc5 16. Bb6 e5 17. O-O-O Ncd4 18. Bxc5 Bd7 19.
Bd3 Rc8 20. Bxd4 Nxd4 21. f4 Bg4 22. Rde1 Nc6 23. Be4 O-O 24. g3 Rfe8 25. Kb1
exf4 26. gxf4 Bh5 27. Re3 Kf8 28. Rhe1 Bg6 29. b3 Re7 30. Bxg6 hxg6 {1/2-1/2
(30) Giri,A (2767)-Dubov,D (2648) Novi Sad 2016}) 9. Bf4 (9. c5 $3 a6 (9...
dxc5 10. Bf4 $3 Qxd1+ 11. Rxd1 f6 12. Nc7+) 10. Nxd6+ Bxd6 11. cxd6) (9. Ne4 d5
10. cxd5 exd5 11. Nec3 Bb4 12. Bf4) 9... a6 10. Nd4 $146 ({Predecessor (2):}
10. Na3 Ng6 11. Bg3 Nf6 12. Bd3 Be7 13. h4 d5 14. h5 Bxa3 15. Qa4+ b5 16. Qxa3
dxc4 17. Bc2 Ne7 18. Nxb5 axb5 19. Qxa8 O-O 20. Rd1 Ned5 21. Qa7 Bd7 22. Be5 {
1/2-1/2 (22) Velasquez,J (2022)-Bonn,T (1890) Rochefort 2004}) 10... Be7 11. a4
Nf6 12. a5 O-O 13. g3 Qc7 14. b3 Nc6 15. Be3 e5 16. Nf3 Be6 17. Bb6 Qc8 18. Nd5
Bd8 19. Rc1 Qd7 20. Bxd8 Qxd8 21. Nb6 Rb8 22. Qd2 d5 23. Ng5 d4 24. Bg2 Bf5 25.
O-O h6 26. Nf3 Nd7 27. Nh4 Be6 28. b4 Nxb6 29. axb6 Qxb6 30. f4 Qxb4 31. Qd3
exf4 32. Bxc6 bxc6 33. Rxf4 c5 34. Nf5 Bxf5 35. Rxf5 Rbe8 36. g4 Re1+ 37. Rf1
Rxc1 38. Rxc1 Re8 39. Qg3 Qd2 40. Rf1 Qe3+
0-1

[Event "Stjernen klubbmesterskap"]
[Site "Stjernen"]
[Date "2017.03.14"]
[Round "5"]
[White "Andreassen, Vidar"]
[Black "Egeland, Finn"]
[Result "0-1"]
[WhiteElo "1696"]
[BlackElo "1962"]
[PlyCount "74"]
[EventDate "2017.??.??"]

1. c4 e5 2. g3 c6 3. Bg2 d5 4. cxd5 cxd5 5. d4 e4 6. e3 Nc6 7. a3 Nf6 8. Ne2
Bd6 9. Nbc3 O-O 10. O-O Bg4 11. f3 exf3 12. Bxf3 Bxf3 13. Rxf3 Rc8 14. Bd2 Re8
15. Nf4 Bb8 16. b4 Qd7 17. Qf1 b6 18. Rb1 Re7 19. Qb5 Ne4 20. Qd3 Ng5 21. Rbf1
Nxf3+ 22. Rxf3 Bxf4 23. Rxf4 Re6 24. Qf5 Rd6 25. Qh5 Rd8 26. Qf3 Qe6 27. Rf5 g6
28. Rf4 Ne7 29. Nb5 Rc6 30. Nxa7 Rc2 31. Qd1 Ra2 32. Nb5 Nf5 33. Nc3 Rxa3 34.
Qf3 Nxe3 35. Rf6 Ra1+ 36. Nd1 Rxd1+ 37. Qxd1 Nxd1
0-1

[Event "Stjernen klubbmesterskap"]
[Site "Stjernen"]
[Date "2017.03.14"]
[Round "5"]
[White "Ryen, Thomas Ager"]
[Black "Hagos, Daniel"]
[Result "1-0"]
[WhiteElo "1647"]
[BlackElo "1890"]
[Annotator "Stjernen,SK"]
[PlyCount "67"]
[EventDate "2017.??.??"]

1. e4 Nf6 2. e5 Nd5 3. c4 Nb6 4. d4 d6 5. f4 Bf5 6. Nc3 d5 7. c5 Nc4 8. g4 Bc8
9. Bg2 e6 10. Nf3 b6 11. cxb6 axb6 12. O-O c5 13. b3 Na5 14. Be3 Nbc6 15. Ne2
Ba6 16. Rf2 Nb4 17. Ng3 Be7 18. f5 h6 (18... O-O) 19. Nh5 Rh7 20. Nf4 Bc8 21.
fxe6 Bxe6 22. Nxe6 fxe6 23. Qb1 Rh8 24. Qg6+ Kd7 25. g5 Nxb3 26. Rb1 cxd4 27.
Nxd4 Nxd4 28. Bxd4 Rb8 29. Bh3 (29. Qxe6+ $1 Ke8 (29... Kxe6 30. Bh3#) 30. Qg6+
Kd7 31. Rc1 hxg5 32. Bxd5 Bc5 (32... Nxd5 33. Qc6#) 33. Qe6+ Kc7 34. Rf7+ Qe7
35. Qxe7+ Kc8 36. Be6#) 29... Kc7 30. Qxe6 Kb7 31. Rf7 Re8 32. Rxb4 Ka8 33.
Qc6+ Rb7 34. Rxb6
1-0

[Event "Stjernen klubbmesterskap"]
[Site "Stjernen"]
[Date "2017.03.30"]
[Round "5"]
[White "Grindbakken, Erik"]
[Black "Fjellheim, Benjamin"]
[Result "1/2-1/2"]
[WhiteElo "1635"]
[BlackElo "1714"]
[PlyCount "126"]
[EventDate "2017.??.??"]

1. d4 d5 2. c4 dxc4 3. Nf3 a6 4. a4 e6 5. e3 Nc6 6. Bxc4 Nf6 7. O-O Bd6 8. Nc3
O-O 9. h3 Qe7 10. b3 Bb4 11. Bb2 b6 12. Qc2 Bb7 13. Rac1 Rfd8 14. Bd3 Bd6 15.
Qb1 Nb4 16. Be2 c5 17. Rfd1 Rac8 18. dxc5 Bxc5 19. Ng5 Rxd1+ 20. Rxd1 Rd8 21.
Rxd8+ Qxd8 22. Bf3 Bxf3 23. Nxf3 h6 24. Ne2 Qd5 25. Bxf6 gxf6 26. Nc3 Qd3 27.
Qxd3 Nxd3 28. Ne4 Be7 29. g4 Kg7 30. Nd4 Nb4 31. f4 Bc5 32. Nxc5 bxc5 33. Nf3
Kg6 34. Nd2 f5 35. Kg2 fxg4 36. hxg4 f5 37. Kf3 fxg4+ 38. Kxg4 h5+ 39. Kf3 Nd3
40. Ne4 Kf5 41. Nd6+ Kg6 42. Nc4 Nc1 43. Nd2 Nd3 44. Ne4 Kf5 45. Ng3+ Kg6 46.
Ne2 Ne1+ 47. Kg3 Nc2 48. Kf2 Kf5 49. Ng3+ Kg4 50. Ne4 h4 51. Nxc5 h3 52. Ne4 h2
53. Kg2 Nxe3+ 54. Kxh2 Kxf4 55. Nc5 a5 56. Nxe6+ Ke5 57. Nd8 Kd5 58. Nb7 Nf1+
59. Kg2 Nd2 60. Nxa5 Kc5 61. Kf2 Kb4 62. Ke2 Nxb3 63. Nxb3 Kxa4
1/2-1/2

[Event "Stjernen klubbmesterskap"]
[Site "Stjernen"]
[Date "2017.04.04"]
[Round "5"]
[White "Eriksen, Jan Hugo"]
[Black "Andersen, Guttorm"]
[Result "0-1"]
[WhiteElo "1680"]
[BlackElo "1859"]
[Annotator "Stjernen,SK"]
[PlyCount "112"]
[EventDate "2017.??.??"]

1. d4 d5 2. c4 c6 3. Nc3 Nf6 4. Nf3 e6 5. cxd5 exd5 6. e3 Bd6 7. Bd3 O-O 8. O-O
Re8 9. Re1 Ne4 10. Ne2 Nd7 11. Ng3 Ndf6 12. Qc2 Qe7 13. a3 Bg4 14. Be2 h5 15.
b4 a5 16. bxa5 Rxa5 17. Qb3 Rea8 18. Bb2 Bxa3 19. h3 Bxf3 20. gxf3 Nxg3 21.
fxg3 Bxb2 22. Rxa5 Rxa5 23. Qxb2 Qxe3+ 24. Kf1 Ra7 (24... Ne4 $3 25. fxe4 dxe4
$1 26. Kg2 Ra3 $19) 25. Qb6 Qa3 26. g4 hxg4 27. hxg4 Qa5 28. Qb1 Qc7 29. Kg2
Qf4 30. Qb6 Qd2 $2 (30... Ra2 31. Qxb7 (31. Qb3 Qd2 32. Kf1 Rb2 $19) 31... g6
$1 (31... Qd2 32. Qc8+ Kh7 33. Rh1+ $18) 32. Qxc6 Kg7 33. Qc3 Rd2 $19) 31. Qxa7
Qxe1 32. Qb8+ Kh7 33. Qe5 $2 (33. Qh2+ Kg6 (33... Kg8 34. Qb8+ Kh7 35. Qh2+)
34. Bd3+ Kg5 35. f4+ Kxg4 36. Qh3+ Kxf4 37. Qf3+ Kg5 38. Qf5+ Kh6 39. Qf4+ Kh5
40. Qf5+ Kh4 41. Qh3+ Kg5 42. Qf5+ Kh6 43. Qf4+ $11) 33... Qd2 (33... g6 $1 34.
Qxf6 Qxe2+ 35. Kg3 Qe6 $19) 34. g5 (34. Kf2 $15) 34... Nd7 35. Qe7 Nf8 $1 36.
Kf1 Ne6 37. Qxf7 Nf4 38. Qf5+ Kg8 39. Qc8+ Kf7 40. Qf5+ Ke7 41. Qe5+ Ne6 42.
Qb8 Qc1+ 43. Kf2 Qb2 44. Ke1 Qb6 45. g6 Nxd4 46. Qg8 Qb1+ 47. Kf2 Qxg6 48. Qb8
Qd6 49. Qxb7+ Kf6 50. Qb2 Qe5 (50... Qh2+ 51. Ke1 Qxe2+) 51. Bf1 Nxf3 52. Qc1
Nd4 53. Bd3 g5 (53... Qh2+ 54. Ke1 (54. Ke3 Qh6+) 54... Qg3+ 55. Kf1 (55. Kd2
Nb3+) 55... Qxd3+) 54. Kg2 Qf4 55. Qd1 g4 56. Be2 Nxe2
0-1

[Event "Stjernen klubbmesterskap"]
[Site "Stjernen"]
[Date "2017.04.04"]
[Round "6"]
[White "Chikwati, Elvis"]
[Black "Nilsen, Joachim B."]
[Result "0-1"]
[WhiteElo "1763"]
[BlackElo "2431"]
[PlyCount "98"]
[EventDate "2017.??.??"]

1. Nf3 b6 2. c4 Bb7 3. g3 Bxf3 4. exf3 c5 5. f4 Nc6 6. Bg2 Rc8 7. b3 Nh6 8. Bb2
Nf5 9. O-O e6 10. Qg4 Be7 11. Nc3 O-O 12. Rad1 Bf6 13. Be4 Nfd4 14. Kg2 g6 15.
h4 Bg7 16. Qh3 h5 17. Kh2 a6 18. f3 Qc7 19. Bb1 b5 20. Bc1 bxc4 21. bxc4 Rb8
22. Qg2 Na5 23. Bd3 f5 24. Rfe1 Nac6 25. Kh3 Qd6 26. Ba3 Nb4 27. Bxb4 Rxb4 28.
Rb1 Rfb8 29. Qf1 Nc6 30. Rec1 Rxb1 31. Rxb1 Rxb1 32. Nxb1 Nb4 33. Be2 Nxa2 34.
Qe1 Nb4 35. Qc1 Qd4 36. Nc3 Qf2 37. Qd1 Nc6 38. Bf1 Bxc3 39. dxc3 Qg1 40. Be2
Qxd1 41. Bxd1 Na5 42. Ba4 d6 43. Bd7 Kf7 44. Bc8 Nxc4 45. Bxa6 Nd2 46. Be2 c4
47. g4 d5 48. Kg3 Nb1 49. Bd1 Nxc3
0-1

[Event "Stjernen klubbmesterskap"]
[Site "Stjernen"]
[Date "2017.03.28"]
[Round "6"]
[White "Egeland, Finn"]
[Black "Ryen, Thomas Ager"]
[Result "1-0"]
[WhiteElo "1962"]
[BlackElo "1647"]
[Annotator "Stjernen,SK"]
[PlyCount "69"]
[EventDate "2017.??.??"]

1. e4 Nf6 2. e5 Nd5 3. d4 d6 4. Nf3 g6 5. Bc4 c6 6. O-O Bg7 7. Bb3 O-O 8. Re1
Bg4 9. h3 Bxf3 10. Qxf3 dxe5 11. dxe5 e6 12. c4 Nb6 13. Nc3 N8d7 14. Bf4 Qc7
15. Qe3 Rfe8 16. Rad1 a5 17. a4 Rad8 18. Bg5 f6 (18... Nxe5 $5 19. Rxd8 Rxd8
20. Bxd8 Qxd8 21. Rd1 Qc7 $13) 19. exf6 Bxf6 20. Bxf6 (20. Bf4 $1 Qc8 (20... e5
21. c5+ Nd5 22. Rxd5 $1 Kh8 (22... cxd5 23. Nxd5 Qxc5 24. Nxf6+ Kh8 25. Nxe8)
23. Rxd7 Qxd7 24. Bg3) 21. Ne4 c5 (21... e5 22. c5+ Nd5 23. Bh6 $1) 22. Nd6 Bd4
23. Nxc8 Bxe3 24. Nxb6 Bxf4 25. Nxd7) 20... Nxf6 21. Ne4 Nxe4 22. Qxe4 Nd7 23.
Qe3 c5 24. Bc2 b6 25. Qg5 Kg7 26. Re3 Nb8 (26... Nf6) 27. Rxd8 Qxd8 28. Qe5+
Kg8 (28... Kf7) 29. Be4 (29. Bf5 $3 Qd7 (29... gxf5 30. Rg3+ Qg5 31. Rxg5+ Kf7
32. Qg7#) (29... exf5 30. Qxe8+ Qxe8 31. Rxe8+ Kf7 32. Rxb8) 30. Bxe6+ Rxe6 31.
Qxe6+ Qxe6 32. Rxe6) 29... Qd4 (29... Nd7) 30. Qc7 Qxc4 31. Rf3 $1 e5 32. Qb7
$1 Rd8 33. Qe7 $1 Rc8 34. Bf5 $1 Qc1+ 35. Kh2
1-0

[Event "Stjernen klubbmesterskap"]
[Site "Stjernen"]
[Date "2017.03.28"]
[Round "6"]
[White "Kutrovac, Milan"]
[Black "Wasshaug, Espen"]
[Result "0-1"]
[WhiteElo "1656"]
[BlackElo "1883"]
[Annotator "Stjernen,SK"]
[PlyCount "90"]
[EventDate "2017.??.??"]

1. d4 Nf6 2. c4 c5 3. d5 b5 4. cxb5 a6 5. Nc3 g6 6. Nf3 d6 7. h3 axb5 8. Nxb5
Qa5+ 9. Nc3 Ne4 10. Bd2 Nxd2 11. Qxd2 Bg7 12. g3 O-O 13. Bg2 Nd7 14. O-O Ba6
15. Rac1 Rfb8 16. b3 Nb6 (16... Bxc3 17. Rxc3 Bxe2 18. Qxe2 Qxc3 19. Qxe7) 17.
Rfe1 Bxc3 18. Rxc3 Nxd5 19. Rc2 Qxd2 20. Nxd2 Nb4 21. Rb2 Bb7 22. Bxb7 Rxb7 23.
a4 Nc6 24. Reb1 Rab8 25. Rc1 Nd4 26. Kf1 Nxb3 27. Rxb3 Rxb3 28. Nxb3 Rxb3 29.
Ra1 Rb6 30. a5 Ra6 31. e3 Kf8 32. Ke2 Ke8 33. Kd3 Kd7 34. Kc4 Kc6 35. e4 e6 36.
f4 d5+ 37. exd5+ exd5+ 38. Kc3 Ra7 39. Kd3 Kb5 40. Ke3 Rxa5 41. Rb1+ Kc6 42.
Rb8 Ra3+ 43. Kf2 Ra7 44. Kf3 Re7 45. Kg4 d4
0-1

[Event "Stjernen klubbmesterskap"]
[Site "Stjernen"]
[Date "2017.03.28"]
[Round "6"]
[White "Horni, Fredrik Seim"]
[Black "Aavik, Jakob"]
[Result "0-1"]
[WhiteElo "1739"]
[BlackElo "1810"]
[Annotator "Stjernen,SK"]
[PlyCount "70"]
[EventDate "2017.??.??"]

1. Nf3 c5 2. b3 d5 3. Bb2 Nf6 4. e3 Bg4 5. d4 e6 6. Bd3 Bd6 7. Nbd2 cxd4 8.
exd4 Nc6 9. O-O O-O 10. Re1 a5 11. a3 a4 12. bxa4 Rxa4 13. c4 Qa8 14. Qb3 Ra7
15. Ne5 Bh5 16. c5 Bxe5 17. dxe5 Nd7 18. Bxh7+ $5 Kxh7 19. Qh3 Rh8 20. g4 (20.
Qxh5+ Kg8 21. Qe2 Nxc5 22. Rac1 $15) 20... Kg8 21. gxh5 Nxc5 22. Kh1 Ra4 23.
Rg1 Ne7 24. Rg5 Nf5 25. Rxf5 exf5 26. e6 fxe6 27. Qc3 Qf8 28. Nf3 Rxh5 29. Rg1
Rg4 30. Ne5 Rxg1+ 31. Kxg1 Rg5+ 32. Kf1 Ne4 33. Qc7 Qc5 34. Qd8+ Kh7 35. Nd3
Qc2
0-1

[Event "Stjernen klubbmesterskap"]
[Site "Stjernen"]
[Date "2017.03.28"]
[Round "6"]
[White "Andersen, Guttorm"]
[Black "Gressli, Kristoffer"]
[Result "0-1"]
[WhiteElo "1859"]
[BlackElo "1739"]
[Annotator "Stjernen,SK"]
[PlyCount "92"]
[EventDate "2017.??.??"]

1. d4 Nf6 2. c4 e5 3. dxe5 Ng4 4. Nf3 Bc5 5. e3 Nc6 6. a3 a5 7. Be2 O-O 8. O-O
Ngxe5 9. Nxe5 Nxe5 10. Nc3 Re8 11. Qc2 Qh4 12. Qe4 Qxe4 13. Nxe4 Bf8 14. Ng5
Ra6 15. Bd2 Rg6 16. Nf3 Nxf3+ 17. Bxf3 b6 18. b4 axb4 19. axb4 c6 20. Ra7 Rd6
21. Rd1 Rd3 22. Be2 Rb3 23. b5 cxb5 24. cxb5 d5 25. Raa1 Be6 26. Rab1 Rxb1 27.
Rxb1 Ra8 28. g4 Bc5 29. Bf3 Ra4 30. h3 h5 31. gxh5 Rh4 32. Kg2 Rxh3 33. Bxd5
Rxh5 34. Bxe6 fxe6 35. e4 Bd4 36. Kg3 Rc5 37. Kf3 Kf7 38. Ke2 g5 39. f3 Kf6 40.
Kd3 e5 41. Bb4 Rc8 42. Ba3 Rc3+ 43. Kd2 Rxa3 44. Rc1 Be3+ 45. Kd1 Bxc1 46. Kxc1
Rxf3
0-1